000 00375 a2200133 4500
005 20250507073028.0
020 _a0-07-146496-4
082 _aLECT 332.041 BEN
100 _aBENNING, J. F.
245 _aTrading Strategies For Capital Markets
260 _aNew York,
_bMcGraw-Hill,
_c2007.
300 _aviii, 469p.: ill.; figure, graph, table.
_bIndex.
_c23cm.
942 _2ddc
_cBKS
999 _c2065
_d2065